00732nam a2200241Ia 450000100060000000300060000600500170001200800410002902000150007003500160008504000190010105000240012008200160014410000240016024500520018426000450023630000210028150000660030250400410036865000270040965000200043674000340045612673GBCCL20241126110546.0800306s1975 cau b 00010 eng u a0830703489 aOCM06059014 cIHTdm.c.dLBB aBV4501.2b.O73 1975 a248.83bORT10aOrtlund, Raymond C.10aLord, make my life count /cRaymond C. Ortlund.0 aGlendale, Calif. :bRegal Books,cc1975. a140 p. ;c18 cm. a"Special youth edition of Lord, make my life a miracle"--T.p. aIncludes bibliographical references. 0aYouthxReligious life. 0aChristian life.01aLord, make my life a miracle.